000 00821nam a22002537a 4500
003 DO-SdBNP
005 20230810091419.0
007 ta
008 220125b2022 ||||| |||| 00| 0 spa d
020 _a9789945509205
040 _aDO-SdBNP
_bspa
_cBNPHU
082 _axxx
_bD542t
100 1 _aDíaz Espaillat, Micely
_982801
245 _aBarreras en el acceso a la pensión de los cañeros haitianos en República Dominicana /
_cMicely Díaz Espaillat
260 _aSanto Domingo :
_bFriedrich Eberto Stiftung,
_c2022
300 _a16 p. :
_bil. ;
_c30 cm
490 _aTrabajo y justicia social ;
490 _aPerspectiva ;
500 _aIncluye datos biográficos de la autora en la última página.
504 _aBibliografía p: 16
590 _aInventariado, 2022 / DG
910 _aDG
942 _2ddc
_cLF2
999 _c52893
_d52893